| 000 | 00516nam a2200181 a 4500 | ||
|---|---|---|---|
| 020 | _a0310452 | ||
| 082 | 0 | 0 |
_a248.4 _bCLA |
| 100 | _aClairmont, Pasty | ||
| 245 | _aJoy Break, 90 Devotions to Celebrate Simplify, and Add Laughter to Your Life | ||
| 260 |
_aMichigan _bZondervan Publishing House _c1997 |
||
| 300 | _a281p | ||
| 500 | _aincludes index and biblioraphy | ||
| 505 | 2 | _aBibliography, Index | |
| 650 | _aChristian-Life | ||
| 700 | 1 | _aBarbara Johnson | |
| 700 | 1 | _aMarilyn Meberg | |
| 942 | _cBK | ||
| 999 |
_c17606 _d17606 |
||